Oregon Cities,Towns - Statistics

General Stats
  • This quiz has been taken 7 times
  • The average score is 5 of 15
Answer Stats
Hint Answer % Correct
Largest City portland
86%
Capitol salem
86%
Home Of Nike Shoes Eugene
57%
______--Pass Grants pass
57%
Almost the center of Oregon Bend
43%
Home of the Beavers Corvallis
29%
Many important Fossils have been found here Fossil
29%
Home of the Roundup Pendleton
29%
Population of less than 1000 wallowa
29%
First name of an important Nurse in History Florence
14%
WATERMELONS Hermiston
14%
Above Capitol keizer
14%
Near California Border Klamath Falls
14%
Main Coastal City Lincoln city
14%
Originally a mining town called "Dixie" Prairie City
14%
No matching quizzes found
Score Distribution
Percent of People with Each Score
Percentile by Number Answered
Your Score History
You have not taken this quiz